| 000 | 00599nam a2200181Ia 4500 | ||
|---|---|---|---|
| 008 | 090201s9999 xx 000 0 und d | ||
| 010 | _aKPL-67050 | ||
| 040 | _bमराठी | ||
| 041 | _aमराठी | ||
| 082 |
_a43724 _b67050 |
||
| 100 | _aगुरुनाथ नाईक | ||
| 245 |
_aगोगलगाईचा संदेश _cगुरुनाथ नाईक |
||
| 250 | _a1 | ||
| 260 |
_c2005 _bनंदादीप बुक सर्व्हिसेस् |
||
| 300 |
_a112 _bमोठा |
||
| 600 | _aगोगलगाईचा संदेश | ||
| 942 | _cBOOK | ||
| 999 |
_c240763 _d240763 |
||